Normal view
MARC view
- Aguirre, Lauro,
Entry Nombre Personal
001 - NUMERO DE CONTROL
- campo de control: 1940
003 - IDENTIFICADOR DE NUMERO DE CONTROL
- campo de control: MX-MxUPN
005 - FECHA Y HORA DE LA ÜLTIMA TRANSACCIÓN
- campo de control: 20240603160453.0
008 - DATOS DE LONGITUD FIJA
- campo de control de longitud fija: 240603n| acnnnaabn | aac |d
035 ## - NUMERO DE CONTROL
- Número de control: UPN10000001940
040 ## - FUENTE DE CATALOGACIÓN
- Agencia original de catalogación: MX-MxUPN
- Lenguaje de catalogación: spa
- Agencia de transcripción: MX-MxUPN
100 1# - ENCABEZAMIENTO - NOMBRE PERSONAL
- Nombre personal: Aguirre, Lauro,
- Fechas asociadas con el nombre: 1882-1928
670 ## - FUENTE EN LA QUE SE LOCALIZARON DATOS
- Cita de la fuente: T
- Información localizada: Enciclopedia de México
902 ## - CATALOGADOR
- Catalogador: MEEG/270596
